Δυναμικά συστήματα και εφαρμογές σε δυναμικά οικονομικά μοντέλα : πτυχιακή εργασία

Η έννοια του δυναμικού συστήματος έχει τις ρίζες της στη Νευτώνεια μηχανική. Εκεί, όπως και σε άλλες φυσικές επιστήμες, η εξέλιξη των δυναμικών συστημάτων είναι μια πεπλεγμένη σχέση, που δίνει την κατάσταση του συστήματος για ένα μόνο σύντομο χρονικό διάστημα στο μέλλον. (Η σχέση είναι είτε μια διαφ...

Πλήρης περιγραφή

Αποθηκεύτηκε σε:
Λεπτομέρειες βιβλιογραφικής εγγραφής
Κύριος συγγραφέας: Λιαπής, Βασίλειος
Συγγραφή απο Οργανισμό/Αρχή: Πανεπιστήμιο Αιγαίου. Σχολή Θετικών Επιστημών. Τμήμα Μαθηματικών
Μορφή: Thesis Βιβλίο
Γλώσσα:Greek
Δημοσίευση: 2017.
Θέματα:
Διαθέσιμο Online:http://hdl.handle.net/11610/19638
Ετικέτες: Προσθήκη ετικέτας
Δεν υπάρχουν, Καταχωρήστε ετικέτα πρώτοι!

MARC

LEADER 00000cam a2200000 a 4500
001 1/114780
008 170901s2017####gr | ||| |||| ||gre||
040 |a GR-MyUa  |b gre  |c GR-MyUa  |e AACR2 
041 0 |a gre 
082 7 |a 515.39   |2 (23)  
100 1 |a Λιαπής, Βασίλειος. 
245 1 0 |a Δυναμικά συστήματα και εφαρμογές σε δυναμικά οικονομικά μοντέλα :   |b πτυχιακή εργασία /   |c Βασίλειος Λιαπής ; επιβλέπων καθηγητής Νικόλαος Καραχάλιος.  
260 |c 2017.  
300 |a x, 44 σ. :   |b σχέδια ;   |c 30 εκ.  
500 |a Μέλη της εξεταστικής επιτροπής: Νικόλαος Καραχάλιος, Χρήστος Νικολόπουλος, Κωνσταντίνος Χουσιάδας.  
502 |a Πτυχιακή εργασία - Πανεπιστήμιο Αιγαίου, Σάμος, 2017.  
504 |a Περιέχει βιβλιογραφικές αναφορές.  
506 0 |a Διάθεση πλήρους κειμένου - Ελεύθερη πρόσβαση.  
520 8 |a Η έννοια του δυναμικού συστήματος έχει τις ρίζες της στη Νευτώνεια μηχανική. Εκεί, όπως και σε άλλες φυσικές επιστήμες, η εξέλιξη των δυναμικών συστημάτων είναι μια πεπλεγμένη σχέση, που δίνει την κατάσταση του συστήματος για ένα μόνο σύντομο χρονικό διάστημα στο μέλλον. (Η σχέση είναι είτε μια διαφορική εξίσωση, εξίσωση διαφορών ή άλλη χρονική κλίμακα). Για να προσδιορίσουμε την κατάσταση για όλους τους μελλοντικούς χρόνους απαιτείται η επανάληψη της σχέσης πολλές φορές, κάθε φορά από ένα μικρό βήμα. Η επαναληπτική διαδικασία αναφέρεται ως επίλυση του συστήματος ή ολοκλήρωση του συστήματος. Αν το σύστημα μπορεί να λυθεί, δίνοντας ένα αρχικό σημείο είναι δυνατόν να καθοριστούν όλες οι μελλοντικές του θέσεις, μια συλλογή από σημεία που είναι γνωστή ως τροχιά. Στην εργασία αυτή θα παρουσιάσουμε κάποιες βασικές έννοιες που σχετίζονται με την θεωρία των Δυναμικών Συστημάτων καθώς και τις εφαρμογές αυτών στην Οικονομία. 
650 0 |a Dissertations, Academic  |z Greece. 
650 0 |a Differentiable dynamical systems. 
650 0 |a Economics, Mathematical. 
650 0 |a Differential equations, Nonlinear. 
700 1 |a Καραχάλιος, Νικόλαος,  |e dgs 
710 2 |a Πανεπιστήμιο Αιγαίου.   |b Σχολή Θετικών Επιστημών.   |b Τμήμα Μαθηματικών. 
852 |a INST  |b SAMOS  |c DIATR  |e 20170901  |h 515.39 ΛΙΑ  |p 005300044742  |q 005300044742  |t DIE  |y 23 
856 |u http://hdl.handle.net/11610/19638 
924 |a Λιαπής  |b Βασίλειος  |y Σάμος  |z 2017-06  
970 |a Κοσιέρης  |b Χρήστος  |z 01-09-2017